000 00401nam a2200157Ia 4500
008 230917s9999||||xx |||||||||||||| ||und||
040 _e135008
_aMAIN
041 _aEnglish
082 _a660.6 S91B
100 _aShuler, Michael L
245 0 _aBioprocess Engineering: Basic concepts
250 _a2nd ed.
260 _aNew Delhi
_bPrentice-Hall of India
_c2006
300 _a553 p.
942 _cBK
999 _c141523
_d141523